[Event "EU-chT (Men)"]
[Site "Batumi"]
[Date "1999.12.02"]
[Round "4.1"]
[White "Lputian, Smbat G"]
[Black "Leko, Peter"]
[Result "1/2-1/2"]
[WhiteElo "2625"]
[BlackElo "2701"]
[PlyCount "40"]
[EventDate "1999.11.06"]
[Source "ChessBase"]
[SourceDate "2000.02.01"]

1. d4 Nf6 2. Bg5 d5 3. e3 c5 4. Bxf6 gxf6 5. c4 cxd4 6. exd4 Nc6 7. Nc3 Be6 8. Be2 Qa5 9. cxd5 Bxd5 10. Bf3 Bc4 11. Nge2 Bh6 12. O-O O-O 13. d5 Rfd8 14. Qc2 Ne5 15. Be4 e6 16. g3 f5 17. Bg2 Bd3 18. Qb3 Bc4 19. Qc2 Bd3 20. Qb3 Bc4 1/2-1/2

[Event "Kloosters"]
[Site "?"]
[Date "1997.??.??"]
[Round "2"]
[White "Andersson Ulf"]
[Black "Khalifman Alexander"]
[Result "1/2-1/2"]
[WhiteElo "2655"]
[BlackElo "2650"]
[PlyCount "31"]
[EventDate "1997.??.??"]
[Source "www.chesslib.no"]
[SourceDate "2004.05.04"]

1. Nf3 d6 2. d4 Nf6 3. Nc3 d5 4. Bf4 Bf5 5. e3 c6 6. Bd3 e6 7. O-O Rg8 8. h3 Bg6 9. Nb5 Na6 10. b4 Bd6 11. Bg3 Bxb4 12. Be5 Qb6 13. Bb8 Kd7 14. Nc7 Ba3 15. Bf5 Be7 16. Bd3 1/2-1/2

[Event "Kloosters"]
[Site "?"]
[Date "1997.??.??"]
[Round "2"]
[White "Andersson Ulf"]
[Black "Khalifman Alexander"]
[Result "1/2-1/2"]
[WhiteElo "2655"]
[BlackElo "2650"]
[PlyCount "31"]
[EventDate "1997.??.??"]
[Source "www.chesslib.no"]
[SourceDate "2004.05.04"]

1. Nf3 d6 2. d4 Nf6 3. Nc3 d5 4. Bf4 Bf5 5. e3 c6 6. Bd3 e6 7. O-O Be7 8. h3 O-O 9. Nb5 Na6 10. b4 Bg6 11. Bg3 Qb6 12. Be5 Bxb4 13. Bb8 Nh5 14. Nc7 Ba3 15. Bf5 Be7 16. Bd3 1/2-1/2

[Event "Kloosters"]
[Site "?"]
[Date "1997.??.??"]
[Round "2"]
[White "Andersson Ulf"]
[Black "Khalifman Alexander"]
[Result "1/2-1/2"]
[WhiteElo "2655"]
[BlackElo "2650"]
[PlyCount "31"]
[EventDate "1997.??.??"]
[Source "www.chesslib.no"]
[SourceDate "2004.05.04"]

1. Nf3 d6 2. d4 Nf6 3. Nc3 d5 4. Bf4 Bf5 5. e3 c6 6. Bd3 e6 7. O-O Rg8 8. h3 Bg6 9. Rb1 Nbd7 10. b4 Bxb4 11. Ne5 Ba5 12. Nxd7 Ke7 13. Ba6 Nxd7 14. Rc1 Rb8 15. Qh5 b6 16. Bd6+ 1/2-1/2

[Event "Wijk aan Zee (open)"]
[Site "?"]
[Date "1995.??.??"]
[Round "?"]
[White "Adams, Mi"]
[Black "Tiviakov, S."]
[Result "0-1"]
[WhiteElo "2655"]
[BlackElo "2625"]
[PlyCount "210"]
[EventDate "1995.??.??"]
[Source "ChessBase"]
[SourceDate "1994.10.01"]

1. d4 Nf6 2. Bg5 d5 3. e3 c6 4. Bd3 Nbd7 5. Nf3 e6 6. O-O Be7 7. c4 O-O 8. Nc3 b6 9. Qe2 Bb7 10. Rad1 dxc4 11. Bxc4 Nd5 12. Bxe7 Qxe7 13. e4 Nxc3 14. bxc3 c5 15. Rfe1 cxd4 16. cxd4 Rac8 17. Bd3 Rfd8 18. Qd2 Qa3 19. Bb1 Nf8 20. Re3 Qa4 21. h4 Rc7 22. Ree1 Qa3 23. Re3 Qa4 24. Rde1 Qb5 25. Rb3 Qd7 26. h5 h6 27. Rd1 Qe7 28. Qf4 f6 29. Rbd3 Qf7 30. Qh4 Rdc8 31. d5 exd5 32. exd5 Rc1 33. d6 Ba6 34. R3d2 Be2 35. Rxc1 Rxc1+ 36. Kh2 Bxf3 37. d7 Nxd7 38. Bg6 Qe7 39. gxf3 Qe1 40. Qd4 Qg1+ 41. Kh3 Qh1+ 42. Kg3 Rg1+ 43. Kf4 Qh4+ 44. Ke3 Re1+ 45. Kd3 Qxd4+ 46. Kxd4 Kf8 47. Bf5 Ke7 48. f4 Nc5 49. Kd5 Ne6 50. Kc6 Rc1+ 51. Kb7 Rc5 52. Bg6 Nxf4 53. Kxa7 b5 54. Kb6 Rg5 55. Be4 Rxh5 56. Bc6 b4 57. Rd7+ Ke6 58. Rxg7 Rh2 59. Kc5 Nd3+ 60. Kd4 Nxf2 61. Bf3 Kf5 62. Ke3 h5 63. Bg2 Nd1+ 64. Kf3 Rh4 65. Ra7 Rf4+ 66. Kg3 h4+ 67. Kh2 Rf2 68. Kh3 Nc3 69. Ra5+ Ke6 70. Ra6+ Ke5 71. Rb6 Nxa2 72. Bc6 Rf4 73. Be8 Nc3 74. Bg6 Rd4 75. Bf7 Ne4 76. Rb5+ Kf4 77. Bg6 Nd6 78. Rc5 Ke3 79. Rc1 Rf4 80. Rd1 Nc4 81. Bc2 Nd2 82. Re1+ Kd4 83. Re2 Kc3 84. Bg6 b3 85. Re3+ Kb4 86. Re8 b2 87. Rb8+ Kc3 88. Rc8+ Rc4 89. Rb8 Rb4 90. Rc8+ Kd4 91. Re8 b1=Q 92. Bxb1 Rxb1 93. Kxh4 Ne4 94. Kg4 Rf1 95. Rf8 Ke3 96. Rf7 Rf4+ 97. Kh5 f5 98. Kg6 Ng3 99. Kf6 Rf1 100. Ra7 f4 101. Ke5 f3 102. Ra3+ Kf2 103. Kf4 Ne2+ 104. Ke4 Kg2 105. Ra2 f2 0-1

[Event "Olympiad"]
[Site "Olympiad, Moscow"]
[Date "1994.??.??"]
[Round "?"]
[White "Adams, Michael"]
[Black "Almasi, Zoltan"]
[Result "1/2-1/2"]
[WhiteElo "2660"]
[BlackElo "2610"]
[PlyCount "74"]
[EventDate "1994.??.??"]
[Source "www.chesslib.no"]
[SourceDate "2004.05.04"]

1. d4 Nf6 2. Bg5 d5 3. Bxf6 exf6 4. e3 Bd6 5. g3 c6 6. Nd2 O-O 7. Bg2 f5 8. Ne2 Nd7 9. O-O Nf6 10. c4 dxc4 11. Nxc4 Bc7 12. Nc3 Be6 13. Qe2 Qe7 14. a3 Rad8 15. b4 a6 16. Rab1 Rfe8 17. Rfc1 h5 18. Nd2 h4 19. Nf3 hxg3 20. hxg3 Nd5 21. Rb2 a5 22. Nxd5 Bxd5 23. Qd2 axb4 24. axb4 g6 25. Ne1 Bxg2 26. Nxg2 Rd5 27. Rc5 Qe6 28. Rb1 Re5 29. f4 Bb6 30. Rc3 Rf8 31. Rf1 c5 32. Kh1 Ra8 33. Qd3 Ra3 34. Qc2 Qf6 35. Qe4 Ba7 36. bxc5 Ra5 37. Re1 Qh4+ 1/2-1/2

[Event "Moscow (ol)"]
[Site "?"]
[Date "1994.??.??"]
[Round "?"]
[White "Adams, Mi"]
[Black "Almasi, Z."]
[Result "1/2-1/2"]
[WhiteElo "2640"]
[BlackElo "2620"]
[PlyCount "74"]
[EventDate "1994.??.??"]
[Source "ChessBase"]
[SourceDate "1994.10.01"]

1. d4 Nf6 2. Bg5 d5 3. Bxf6 exf6 4. e3 Bd6 5. g3 c6 6. Nd2 O-O 7. Bg2 f5 8. Ne2 Nd7 9. O-O Nf6 10. c4 dxc4 11. Nxc4 Bc7 12. Nc3 Be6 13. Qe2 Qe7 14. a3 Rad8 15. b4 a6 16. Rab1 Rfe8 17. Rfc1 h5 18. Nd2 h4 19. Nf3 hxg3 20. hxg3 Nd5 21. Rb2 a5 22. Nxd5 Bxd5 23. Qd2 axb4 24. axb4 g6 25. Ne1 Bxg2 26. Nxg2 Rd5 27. Rc5 Qe6 28. Rxd5 Qxd5 29. b5 cxb5 30. Qe2 Ra8 31. Rxb5 Ra1+ 32. Kh2 Qe4 33. Qb2 Rf1 34. Qe2 Rc1 35. Rc5 Rxc5 36. dxc5 Be5 37. Nf4 Bxf4 1/2-1/2

[Event "Groningen"]
[Site "?"]
[Date "1994.??.??"]
[Round "?"]
[White "Hodgson, Ju"]
[Black "Tiviakov, S."]
[Result "1/2-1/2"]
[WhiteElo "2580"]
[BlackElo "2640"]
[PlyCount "86"]
[EventDate "1994.??.??"]
[Source "ChessBase"]
[SourceDate "1994.10.01"]

1. d4 Nf6 2. Bg5 d5 3. Bxf6 exf6 4. e3 Be6 5. g3 f5 6. Bg2 c6 7. Nd2 Nd7 8. Ne2 Bd6 9. b3 Nf6 10. c4 Bb4 11. O-O Bxd2 12. Qxd2 dxc4 13. Nf4 cxb3 14. Nxe6 fxe6 15. Rfb1 O-O 16. Rxb3 Qd7 17. Qb4 Rfb8 18. Rab1 Nd5 19. Qa4 b5 20. Qa5 Rb6 21. Rc1 Qb7 22. a3 Ra6 23. Qe1 Qd7 24. Rc5 Rb8 25. h4 Rab6 26. h5 Qf7 27. Bf3 Rd8 28. Rb2 Rd6 29. Kg2 Nf6 30. Qb4 Nd5 31. Qe1 Nf6 32. Qb4 Nd5 33. Qa5 Qb7 34. Qe1 Nf6 35. Rbc2 Qd7 36. Qh1 a5 37. Qh4 h6 38. Qf4 a4 39. Qe5 Ra6 40. Rc1 Rb6 41. R5c2 Nd5 42. Rc5 Nf6 43. R1c2 Nd5 1/2-1/2

[Event "Los Angeles CA"]
[Site "?"]
[Date "1997.11.30"]
[Round "8.3"]
[White "Blatny Pavel"]
[Black "Gufeld Eduard"]
[Result "1-0"]
[WhiteElo "2660"]
[BlackElo "2543"]
[PlyCount "137"]
[EventDate "1997.??.??"]
[Source "www.chesslib.no"]
[SourceDate "2004.05.04"]

1. Nf3 g6 2. d4 Nf6 3. Nc3 d5 4. Bf4 Bg7 5. e3 O-O 6. Be2 c5 7. dxc5 Qa5 8. Nd2 Qxc5 9. Nb3 Qb6 10. O-O Nc6 11. Bf3 Be6 12. a4 Na5 13. Nxa5 Qxa5 14. Be5 Rfd8 15. Nb5 Ne8 16. Bxg7 Nxg7 17. c3 f6 18. Qd4 Rd7 19. Qd2 Bf7 20. Rfd1 Rad8 21. Qd4 b6 22. Be2 Qa6 23. a5 bxa5 24. b4 a4 25. Qd2 Qb6 26. Na3 a5 27. b5 e5 28. Qc2 Ne6 29. Qxa4 Nc5 30. Qc2 Kg7 31. Bf1 Rc8 32. c4 d4 33. exd4 exd4 34. Rd2 a4 35. Rad1 Nb3 36. Rd3 Qc5 37. Qb2 Re8 38. h3 Rde7 39. Rxd4 Nxd4 40. Rxd4 Re4 41. Rd2 Ra8 42. Rd1 Ree8 43. Qc3 Rad8 44. Rb1 g5 45. b6 Bg6 46. Rb5 Qc6 47. Qc1 Bd3 48. c5 Bxf1 49. Qxf1 Rd2 50. Rb1 Qxc5 51. Nc4 Rd7 52. Ne3 a3 53. Rb5 Qc3 54. Qb1 Qd3 55. Qxd3 Rxd3 56. Ra5 Rb3 57. Ra7+ Kg6 58. g4 f5 59. gxf5+ Kf6 60. b7 Rb8 61. Nc4 h5 62. Ra6+ Kxf5 63. Kg2 Rc3 64. Ra8 Rxb7 65. Nd6+ Ke6 66. Nxb7 Kd7 67. Ra7 Kc7 68. Nc5+ Kb8 69. Ra5 1-0

[Event "Pedro Zabala (6eme memorial)"]
[Site "?"]
[Date "2004.10.12"]
[Round "10"]
[White "Moiseenko Alexander"]
[Black "Shchekachev Andrei"]
[Result "1/2-1/2"]
[WhiteElo "2653"]
[BlackElo "2546"]
[PlyCount "48"]
[EventDate "2004.??.??"]
[Source "www.chesslib.no"]
[SourceDate "2004.05.04"]

1. d4 Nf6 2. Bg5 d5 3. Bxf6 exf6 4. e3 Bd6 5. c4 dxc4 6. Bxc4 O-O 7. Nc3 c6 8. Nf3 f5 9. O-O Nd7 10. Rb1 Qe7 11. a3 Nf6 12. b4 b5 13. Bd3 a5 14. Qc2 axb4 15. axb4 Bxb4 16. Ne5 Ra6 17. h3 Bd6 18. Bxf5 b4 19. Ne2 Bxf5 20. Qxf5 Bxe5 21. Qxe5 Qxe5 22. dxe5 Nd7 23. Rxb4 Nxe5 24. Rb7 Ra2 1/2-1/2

[Event "Premier, EN"]
[Site "?"]
[Date "1998.??.??"]
[Round "9"]
[White "Hebden Mark"]
[Black "Nunn John D.M"]
[Result "1-0"]
[WhiteElo "2585"]
[BlackElo "2610"]
[PlyCount "45"]
[EventDate "1998.??.??"]
[Source "www.chesslib.no"]
[SourceDate "2004.05.04"]

1. d4 Nf6 2. Nf3 g6 3. Nc3 d5 4. Bf4 Bg7 5. e3 O-O 6. Be2 c5 7. Ne5 cxd4 8. exd4 Nfd7 9. Nf3 Nf6 10. Ne5 Nfd7 11. Nf3 Nf6 12. Qd2 Bg4 13. Ne5 Bxe2 14. Qxe2 Nh5 15. Be3 Nc6 16. O-O-O Rc8 17. Bd2 Nf6 18. Qb5 Qd7 19. a3 Rce8 20. Bh6 Rc8 21. Rd2 Rfe8 22. Qc4 dxc4 23. Nd1 1-0

[Event "Corr"]
[Site "?"]
[Date "1998.??.??"]
[Round "?"]
[White "Boissel Brice"]
[Black "Hiltunen Reijo"]
[Result "1/2-1/2"]
[WhiteElo "2621"]
[BlackElo "2546"]
[PlyCount "28"]
[EventDate "1998.??.??"]
[Source "www.chesslib.no"]
[SourceDate "2004.05.04"]

1. d4 Nf6 2. Bg5 d5 3. e3 c5 4. dxc5 Ne4 5. Bh4 Nc6 6. Nf3 g6 7. Nbd2 Nxc5 8. Nb3 Bg7 9. Nxc5 Qa5+ 10. c3 Qxc5 11. Qb3 O-O 12. Rd1 e6 13. Be2 b6 14. O-O Bb7 1/2-1/2

[Event "Budapest HUN"]
[Site "?"]
[Date "2004.08.26"]
[Round "8.3"]
[White "Cao Sang"]
[Black "Gyimesi Zoltan"]
[Result "1/2-1/2"]
[WhiteElo "2545"]
[BlackElo "2618"]
[PlyCount "30"]
[EventDate "2004.??.??"]
[Source "www.chesslib.no"]
[SourceDate "2004.05.04"]

1. d4 Nf6 2. Bg5 d5 3. Bxf6 gxf6 4. c4 dxc4 5. e3 c5 6. Bxc4 cxd4 7. exd4 Bg7 8. Qh5 O-O 9. Ne2 Nc6 10. Nbc3 Qa5 11. Qf3 Qf5 12. Qe3 Qg5 13. O-O Qxe3 14. fxe3 f5 15. Rad1 Bd7 1/2-1/2

[Event "Zuerich Open"]
[Site "Zurich SUI"]
[Date "1995.??.??"]
[Round "6"]
[White "Rogers, Ian"]
[Black "Glek, Igor V"]
[Result "1/2-1/2"]
[WhiteElo "2570"]
[BlackElo "2590"]
[PlyCount "86"]
[EventDate "1995.12.??"]
[Source "www.chesslib.no"]
[SourceDate "2004.05.04"]

1. d4 Nf6 2. Nf3 g6 3. Nc3 d5 4. Bf4 Bg7 5. e3 O-O 6. Be2 c5 7. dxc5 Qa5 8. Nd2 Qxc5 9. Nb3 Qb6 10. Nb5 Nh5 11. Bc7 Qc6 12. Bxb8 Rxb8 13. Nxa7 Qb6 14. Nxc8 Rbxc8 15. c3 Nf6 16. O-O e6 17. a4 Ne4 18. a5 Qc7 19. Nd4 Ra8 20. Qa4 Rfc8 21. Qb5 Qb8 22. g3 Rc5 23. Qb6 Bf6 24. a6 bxa6 25. Rxa6 Rc8 26. Qxb8 Raxb8 27. Ra2 Rb6 28. Bd3 Nc5 29. Bc2 e5 30. Ne2 d4 31. Rd1 dxe3 32. fxe3 Bg5 33. e4 Rf6 34. Rf1 Rd6 35. b4 Rd2 36. bxc5 Rxe2 37. Bb3 Be3+ 38. Kh1 Rxa2 39. Bxa2 Rxc5 40. Bxf7+ Kg7 41. c4 Ra5 42. Bd5 h5 43. h4 Ra7 1/2-1/2

[Event "Bernard Freedman Memorial 8589"]
[Site "Bernard Freedman Memorial 858"]
[Date "1985.??.??"]
[Round "?"]
[White "Perlo, Gerardus C. van"]
[Black "Bouwmeester, Hans"]
[Result "1/2-1/2"]
[WhiteElo "2515"]
[BlackElo "2635"]
[PlyCount "61"]
[EventDate "1985.??.??"]
[Source "www.chesslib.no"]
[SourceDate "2004.05.04"]

1. d4 Nf6 2. Bg5 d5 3. Bxf6 exf6 4. e3 Be6 5. Nd2 c6 6. c4 dxc4 7. Nxc4 Nd7 8. Nf3 Nb6 9. Ncd2 f5 10. Bd3 Be7 11. O-O O-O 12. Nb3 Nd5 13. Rc1 f4 14. e4 Nb4 15. Bb1 a5 16. Qd2 Bxb3 17. axb3 Qc7 18. Qe2 Rfe8 19. e5 g6 20. g3 Qd7 21. Qd2 Qe6 22. Qxf4 Qxb3 23. Be4 Qxb2 24. h4 Qa2 25. h5 Qe6 26. Kg2 Nd5 27. Qh6 Bf8 28. Qd2 Bb4 29. Qh6 Bf8 30. Qd2 Bb4 31. Qh6 1/2-1/2

[Event "Corr"]
[Site "?"]
[Date "1999.??.??"]
[Round "?"]
[White "Pecot Laurent"]
[Black "Berdichesky Ruben"]
[Result "1/2-1/2"]
[WhiteElo "2512"]
[BlackElo "2633"]
[PlyCount "83"]
[EventDate "1999.??.??"]
[Source "www.chesslib.no"]
[SourceDate "2004.05.04"]

1. d4 Nf6 2. Nf3 g6 3. Nc3 d5 4. Bf4 Bg7 5. e3 O-O 6. Be2 c5 7. Ne5 Nc6 8. O-O cxd4 9. exd4 Qb6 10. Nxc6 Qxc6 11. Re1 a6 12. Bf3 Be6 13. Qd2 Rfc8 14. Be5 b5 15. Rac1 Ra7 16. h3 b4 17. Ne2 Qa4 18. b3 Qa3 19. c3 bxc3 20. Nxc3 Qa5 21. Rc2 Rd8 22. Rb2 Rc8 23. b4 Qd8 24. Na4 Bd7 25. Nc5 Bb5 26. a4 Bc4 27. Be2 Bxe2 28. Qxe2 Qb6 29. b5 axb5 30. Rxb5 Qd8 31. a5 Ne4 32. Nxe4 Bxe5 33. dxe5 dxe4 34. Rd1 Qc7 35. Ra1 Qc6 36. Qb2 Kg7 37. Kh2 Qa6 38. Rb6 Qd3 39. Ra2 e3 40. a6 Rca8 41. Ra3 Qc4 42. Rxe3 1/2-1/2

[Event "RUS-Cup7"]
[Site "Kstovo"]
[Date "1997.05.10"]
[Round "9"]
[White "Malaniuk, Vladimir P"]
[Black "Neverov, Valeriy"]
[Result "1/2-1/2"]
[WhiteElo "2610"]
[BlackElo "2530"]
[PlyCount "95"]
[EventDate "1997.05.01"]
[Source "ChessBase"]
[SourceDate "1997.08.01"]

1. d4 Nf6 2. Nf3 g6 3. Nc3 d5 4. Bf4 Bg7 5. e3 O-O 6. Be2 Bg4 7. Ne5 Bxe2 8. Qxe2 Nbd7 9. O-O-O c5 10. h4 e6 11. g4 Rc8 12. f3 cxd4 13. exd4 Rxc3 14. bxc3 Qa5 15. Kd2 Rc8 16. Qd3 Nb6 17. Rb1 Ne8 18. Rb5 Qxa2 19. Rbb1 Qa3 20. Ra1 Qe7 21. g5 a6 22. Ng4 Nc4+ 23. Ke2 Na3 24. Bd2 Nb5 25. Rhb1 Ned6 26. Be1 e5 27. dxe5 h5 28. gxh6 Bxe5 29. Kf1 Bxc3 30. Ra2 f5 31. Bxc3 Rxc3 32. Qxd5+ Kh7 33. Re1 Qxh4 34. Nf2 Qc4+ 35. Qxc4 Rxc4 36. Nd1 Kxh6 37. Ne3 Rh4 38. Kg2 Nc4 39. Kg3 Nxe3 40. Rxe3 Rc4 41. Re7 Nc3 42. Ra1 Kg5 43. Rxb7 Ne2+ 44. Kf2 Rxc2 45. Rxa6 Nf4+ 46. Ke3 Re2+ 47. Kd4 Kh4 48. Rf7 1/2-1/2